<?xml version="1.0" encoding="UTF-8"?>
<collection xmlns="http://www.loc.gov/MARC21/slim">
 <record>
  <leader>00420pamaa2200157   4500</leader>
  <controlfield tag="001">0000012845</controlfield>
  <controlfield tag="005">20090916090000.0</controlfield>
  <datafield tag="020" ind1="0" ind2="0">
   <subfield code="a">047159363X </subfield>
  </datafield>
  <datafield tag="082" ind1=" " ind2=" ">
   <subfield code="a">515 CAL</subfield>
  </datafield>
  <datafield tag="090" ind1="0" ind2="0">
   <subfield code="a">QA303 </subfield>
   <subfield code="b">CAL 1994</subfield>
  </datafield>
  <datafield tag="245" ind1="0" ind2="0">
   <subfield code="a">CALCULUS  </subfield>
   <subfield code="c">Deborah Hughes-Hallett ...[et al.].</subfield>
  </datafield>
  <datafield tag="260" ind1="0" ind2="0">
   <subfield code="a">New York: </subfield>
   <subfield code="b">John Wiley, </subfield>
   <subfield code="c">1994.</subfield>
  </datafield>
  <datafield tag="300" ind1=" " ind2=" ">
   <subfield code="a">xviii, 685p.: </subfield>
   <subfield code="b">26cm.</subfield>
  </datafield>
  <datafield tag="650" ind1="0" ind2="0">
   <subfield code="a">Calculus </subfield>
  </datafield>
  <datafield tag="700" ind1="1" ind2="1">
   <subfield code="a">Hughes-Hallett, </subfield>
   <subfield code="h">Deborah </subfield>
  </datafield>
  <datafield tag="700" ind1="1" ind2="1">
   <subfield code="a">GLEASON, </subfield>
   <subfield code="h">Andrew M. </subfield>
  </datafield>
 </record>
</collection>
